000 01088nas a2200313 4500
001 BR8702065
003 BR-BrBNA
005 20231205090639.0
007 ta
008 230509b bl.|||p| |||| 00| 00por d
040 _aBR-BrBNA
_bpor
_cBiblioteca Nacional de Agricultura
041 _a(Pt)
072 _aF30; F62
100 1 _aFurlani, P.R.
100 1 _aLima, M.
100 1 _aMiranda, L.T. de
100 1 _aMiranda, L.E.C. de
100 1 _aSawasaki, E.
100 1 _aMagnavaca, R.
111 1 _a15. Congresso Nacional de Milho e Sorgo
_cMaceio, AL (Brazil)
_d2-6 Jul 1984
245 1 _aAvaliacao de linhagens, materiais comerciais e duas populacoes de milho para tolerancia a aluminio [Zea mays]
246 1 _aEvaluation of inbred lines commercial materials, and two maize populations for aluminum tolerance
650 _aMILHO
650 _aLINHAGEM
650 _aCRESCIMENTO
773 0 _tPesquisa Agropecuaria Brasileira (Brazil)
_xISSN 0100-204X
_g(Jun 1986), v. 21(6) p. 655-660
_wBR8702065
909 _a202311
_bLúcia
_c55
_dLúcia Elande
942 _2AGRIS
_n0
_cANA
999 _c120006
_d120006